MARC Record
Leader
003
BE-GnUNI
007
't'u
035
a| (MSK)314000232
084
a| II.B.607
245
0
0
a| Honest Arts Movement.
260
a| Gent :
b| Honest Art Movement,
c| 1974-.
546
a| Nederlands
500
a| Tijdschriften
852
4
b| MSK
c| MSK
j| II.B.607
920
a| tijdschrift
001
000044429
005
20241224121705.0